banner koha

Melhoramento do algodoeiro no estado de Sao Paulo: obtencao da variedade IAC 18 [Gossypium hirsutum] (Registro n. 119976)

MARC details
000 -LÍDER
campo de controle de tamanho fixo 01025nas a2200337 4500
001 - NÚMERO DE CONTROLE
campo de controle BR8702035
003 - IDENTIFICADOR DO NÚMERO DE CONTROLE
campo de controle BR-BrBNA
005 - DATA E HORÁRIO DA ÚLTIMA TRANSAÇÃO
campo de controle 20231205090636.0
007 - CAMPO FIXO DE DESCRIÇÃO FÍSICA--INFORMAÇÃO GERAL
campo de controle de tamanho fixo ta
008 - CAMPO DE DADOS FIXOS--INFORMAÇÃO GERAL
campo de controle de tamanho fixo 230509b bl.|||p| |||| 00| 00por d
040 ## - FONTE DA CATALOGAÇÃO
Instituição da catalogação original BR-BrBNA
Idioma da catalogação por
Instituição que transcreveu o registro Biblioteca Nacional de Agricultura
041 ## - CÓDIGO DE IDIOMA
Código do idioma do texto/trilha sonora ou título diferente (Pt)
072 ## - CÓDIGO DE CATEGORIA DE ASSUNTO
Código de Categoria de Assunto F30
100 1# - ENTRADA PRINCIPAL--NOME PESSOAL
Nome pessoal Gridi-Papp, I.L.
100 1# - ENTRADA PRINCIPAL--NOME PESSOAL
Nome pessoal Cia, E.
100 1# - ENTRADA PRINCIPAL--NOME PESSOAL
Nome pessoal Fuzatto, M.G.
100 1# - ENTRADA PRINCIPAL--NOME PESSOAL
Nome pessoal Cavaleri, P.A.
100 1# - ENTRADA PRINCIPAL--NOME PESSOAL
Nome pessoal Chiavegato, E.J.
100 1# - ENTRADA PRINCIPAL--NOME PESSOAL
Nome pessoal Ferraz, C.A.M.
100 1# - ENTRADA PRINCIPAL--NOME PESSOAL
Nome pessoal Sabino, N.P.
100 1# - ENTRADA PRINCIPAL--NOME PESSOAL
Nome pessoal Kondo, J.I.
100 1# - ENTRADA PRINCIPAL--NOME PESSOAL
Nome pessoal Soave, J.
100 1# - ENTRADA PRINCIPAL--NOME PESSOAL
Nome pessoal Bortoletto, N.
245 1# - TÍTULO
Título Melhoramento do algodoeiro no estado de Sao Paulo: obtencao da variedade IAC 18 [Gossypium hirsutum]
246 1# - FORMA VARIANTE DO TÍTULO
Título/título abreviado Improvement of cotton varieties of Sao Paulo: origin and breeding of "IAC 18"
650 ## - ASSUNTO--TERMO TÓPICO
Cabeçalho tópico ou nome geográfico ALGODAO
650 ## - ASSUNTO--TERMO TÓPICO
Cabeçalho tópico ou nome geográfico VARIEDADE
773 0# - ENTRADA ANALÍTICA
Título Bragantia (Brazil)
ISSN - International Standard Serial Number ISSN 0006-8705
Partes relacionadas (1985), v. 44(2) p. 645-658
Número de controle do registro BR8702035
909 ## -
-- 202311
-- Lúcia
-- 55
-- Lúcia Elande
942 ## - ELEMENTOS DE ENTRADA ADICIONADOS (KOHA)
Fonte da classificação ou esquema de arquivamento na estante Classificação AGRIS
Ocultar no OPAC Não
Tipo de material Koha Analítica
Exemplares
Situação do descarte Fonte da classificação ou esquema de arquivamento na estante Situação física Não pode ser emprestado Biblioteca de origem Biblioteca atual Localização na estante Enumeração do periódico / cronologia Total de empréstimos Data de último acesso Número do exemplar Tipo de material Koha Fonte de aquisição
  Classificação AGRIS   Consulta local Biblioteca Nacional de Agricultura - Binagri Biblioteca Nacional de Agricultura - Binagri   (1985), v. 44(2) p. 645-658   29/11/2023 01 Periódicos Portaria Interministerial nº 164/94

BINAGRI

Telefone: (61)3218-2567/2388/3357/2097 - binagri@agro.gov.br

Ministério da Agricultura e Pecuária , Esplanada dos Ministérios, Bloco D, Anexo B, Brasília/DF, CEP: 70.043-900